| 000 | 00652nam a2200241Ia 4500 | ||
|---|---|---|---|
| 003 | GCL | ||
| 008 | 140319s9999 xx 000 0 eng d | ||
| 040 |
_aGCL / _cGCL |
||
| 082 | 0 | 4 |
_a610 _bC F |
| 100 | 1 | _aGIACONA, NICOLA | |
| 245 | 1 | 0 |
_aFUNK AND WAGNALLS FAMILY MEDICAL GUIDE / _cGIACONA, NICOLA |
| 700 | 1 | _aCHASNOFF, IRA J | |
| 700 | 1 | _aELLIS, JEFFERY W | |
| 700 | 1 | _aFAINMAN, ZACHARY S | |
| 260 |
_a[S.N] : _bPUBLICATION INTERNATIONAL LTD ، _c1993 |
||
| 300 | _a574 P | ||
| 650 | 0 | 4 | _aMEDICAL INFORMATION |
| 650 | 0 | 4 | _aDISEASES |
| 650 | 0 | 4 | _aMEDICAL SCIENCE |
| 650 | 0 | 4 | _aMEDICAL EXAMINATIONS |
| 650 | 0 | 4 | _aEMERGENCY |
| 942 |
_2ddc _cBK |
||
| 999 |
_c14202 _d14202 |
||